1153 1140 1093 1508 1721 1974 1318 1910 1908 1415 1911 1628 1109 1079 1761 1990 1454 1972 1207 1678 1811 1363 1974 1039 1162 1541 1949 1309 1399 1148 1235 1074 1268 1238 1525 1403 1569 1464 1039 1424 1959 1275 1134 1965 1974 1695 1251 1900 1816 1996 1054 1677 1165 1165 1645 1407 1555 1509 1267 1224 1586 1449 1688 1356 1486 1845 1750 1163 1663 1119 1918 1910 1209 1162 1892 1717 1304 1314 1515 1496 1021 1541 1863 1685 1032 1832 1331 1423 1160 1015 1972 1530 1899 1268 1514 1413 1106 1305 1659 BCNSPRNW ULIB Ver.6.0+V

เปลี่ยนเป็นภาษาไทย

Change to English
 แสดงรายละเอียดบรรณานุกรม
  กลับหน้าหลัก

Brief Record : Get Marc (ISO 2709) : E-mail record : QR code < ปิดหน้าต่าง
LEADER : 00000nam 2200000uu 4500
001    13399109773
003     ULIB
008    110410s2552||||th 000 0 tha d
020    9789746421317
060 04 WC100^bอ275ก 2552
245 10 การอบรมระยะสั้นประจำปี 2552 An update and current practice in infections diseases ^cสมาคมโรคติดเชื้อแห่งประเทศไทย
260    กรุงเทพฯ :^bสมาคมโรคติดเชื้อแห่งประเทศไทย ,^c2552
300    480 หน้า
650  7 โรคติดต่อ^vการประชุม
700    อมร ลีลารัศมี,^eบรรณาธิการ
700    กำธร มาลาธรรม,^eบรรณาธิการ
700    วินัย รัตนสุวรณณ,^eบรรณาธิการ
710 2  สมาคมโรคติดเชื้อแห่งประเทศไทย
945    ^p350^l0^i025434
945    ^p350^l0^i025433
995     ทศพร
999 ^a ใช้งานได้ทุกระบบ
รายการนี้ยังไม่มีแท็ก
คุณยังไม่ได้ล็อกอิน คุณสามารถมีกิจกรรมร่วมกับเว็บไซต์ได้ แต่ต้องล็อกอินก่อน ::
  ล็อกอิน

รายการสื่อสารสนเทศ

ลำดับที่ ประเภท เลขเรียก/บาร์โค้ด สถานที่ สถานะ
- ไม่พบข้อมูล -

BibComment


ยังไม่เคยถูกคอมเมนท์

คอมเมนท์ทรัพยากรรายการนี้
  คอมเมนท์: การอบรมระยะสั้นปร..


 Copyright 2026. Bcnsprnw @Library